logo

Bir Sreshtho Munshi Abdur Rouf Library
Jhenaidah Cadet College

লাল সূর্য / (Record no. 12967)

MARC details
000 -LEADER
fixed length control field 00648nam a2200205 a 4500
001 - CONTROL NUMBER
JCCL Control Number 12967
003 - CONTROL NUMBER IDENTIFIER
JCCL marc code BD-JhCC
005 - DATE AND TIME OF LATEST TRANSACTION
control field 20230621093849.0
008 - FIXED-LENGTH DATA ELEMENTS--GENERAL INFORMATION
fixed length control field 230607s2022 b |||| |||| 000 0 b d
035 ## - SYSTEM CONTROL NUMBER
system control number (BD-JhCC)12966
040 ## - CATALOGING SOURCE
Original cataloging agency BD-JhCC
Modifying agency BD-JhCC
041 ## - LANGUAGE CODE
Language code of Book ben
082 ## - DEWEY DECIMAL CLASSIFICATION NUMBER
Classification number 891.4415
Author mark and Year ISL 2022
100 ## - MAIN ENTRY--PERSONAL NAME
Personal name ইসলাম, এস এম নজরুল
245 ## - TITLE STATEMENT
Title লাল সূর্য /
Statement of responsibility, etc এস এম নজরুল ইসলাম
260 ## - PUBLICATION, DISTRIBUTION, ETC. (IMPRINT)
Place of publication, distribution, etc ঢাকা :
Name of publisher, distributor, etc ডিজি প্রিন্টার্স,
Date of publication, distribution, etc ২০২২
300 ## - PHYSICAL DESCRIPTION
Pagination ৫৬ পৃ. :
Dimensions ২১ সেমি.
650 ## - SUBJECT ADDED ENTRY--TOPICAL TERM
Topical term or geographic name as entry element Bengali Poem
942 ## - ADDED ENTRY ELEMENTS (KOHA)
Source of classification or shelving scheme Dewey Decimal Classification
Koha item type Books
Holdings
Source of classification or shelving scheme Damaged status Not for loan Home library Current library Shelving location Date of accession Cost, normal purchase price Total Checkouts Full call number Barcode Date last seen Copy number Method of acquisition Koha item type Currency
Dewey Decimal Classification     JCC Rouf Library JCC Rouf Library General Stacks 06/07/2023 150.00   891.4415 ISL 2022 18144 06/07/2023 C-1 Gift/Donation Books BDT
Dewey Decimal Classification     JCC Rouf Library JCC Rouf Library General Stacks 06/07/2023 150.00   891.4415 ISL 2022 18143 06/07/2023 C-2 Gift/Donation Books BDT
Dewey Decimal Classification     JCC Rouf Library JCC Rouf Library General Stacks 06/07/2023 150.00   891.4415 ISL 2022 18142 06/07/2023 C-3 Gift/Donation Books BDT
Dewey Decimal Classification     JCC Rouf Library JCC Rouf Library General Stacks 06/07/2023 150.00   891.4415 ISL 2022 18141 06/07/2023 C-4 Gift/Donation Books BDT
Dewey Decimal Classification     JCC Rouf Library JCC Rouf Library General Stacks 06/07/2023 150.00   891.4415 ISL 2022 18140 06/07/2023 C-5 Gift/Donation Books BDT
Dewey Decimal Classification     JCC Rouf Library JCC Rouf Library General Stacks 06/07/2023 150.00   891.4415 ISL 2022 18138 06/07/2023 C-6 Gift/Donation Books BDT
Dewey Decimal Classification     JCC Rouf Library JCC Rouf Library General Stacks 06/23/2023     891.4415 ISL 2022 18139 06/22/2023 C-7 Purchase Books  

JCC Library | Contacts | JCC Home

Last Update on 23 September 2017
Copyright @ 2017-2020 JCC Rouf Library
Rouf Library, Jhenidah Cadet College (JCC), Bangladesh